[Event "SportAccord Blitz Women 2012"]
[Site "Beijing CHN"]
[Date "2012.12.17"]
[Round "15.4"]
[White "Zhu Chen"]
[Black "Lahno,Kateri"]
[Result "0-1"]
[WhiteElo "2491"]
[BlackElo "2553"]

1.c4 g6 2.Nc3 c5 3.g3 Nc6 4.Bg2 Bg7 5.e4 e6 6.Nge2 Nge7 7.a3 d6 8.Rb1 a5
9.O-O O-O 10.Nb5 d5 11.cxd5 exd5 12.d4 cxd4 13.exd5 Nxd5 14.Nexd4 Nxd4 15.Nxd4 Qb6
16.Bxd5 Bxd4 17.Bh6 Rd8 18.Qb3 Qxb3 19.Bxb3 a4 20.Bc2 Be6 21.b4 axb3 22.Bxb3 Bf5
23.Rbc1 Rxa3 24.Bc4 Rc3 25.Rxc3 Bxc3 26.Rc1 Bg7 27.Bg5 Rc8 28.Bb5 Rxc1+ 29.Bxc1 Bd4
30.Kf1 b6 31.Ke2 Kf8 32.Ba3+ Bc5 33.Bb2 Ke7 34.h4 h5 35.f3 Bd7 36.Bd3 b5
37.Bc1 Kd6 38.Bf4+ Kd5 39.Bb1 Be6 40.Ba2+ Kc6 41.Bb1 b4 42.Kd2 Bd4 43.Bd3 Kc5
44.Bh6 Be5 45.Bf8+ Bd6 46.Bxd6+ Kxd6 47.Ke3 Kc5 48.Be2 b3 49.Kd2 Kb4 50.g4 b2
51.Kc2 Ka3 52.Bd3 hxg4 53.fxg4 Bxg4 54.Kc3 Bf5 55.Kd4  0-1

[Event "SportAccord Blindfold Women 2012"]
[Site "Beijing CHN"]
[Date "2012.12.18"]
[Round "1.3"]
[White "Zhu Chen"]
[Black "Lahno,Kateri"]
[Result "0-1"]
[WhiteElo "2491"]
[BlackElo "2553"]

1.d4 Nf6 2.c4 g6 3.f3 Bg7 4.e4 d6 5.Nc3 O-O 6.Nge2 a6 7.Be3 Nc6 8.Qd2 Na5
9.Ng3 b5 10.c5 dxc5 11.dxc5 Be6 12.Nd5 Nc4 13.Bxc4 bxc4 14.Nc3 Qb8 15.Rd1 Qb7
16.O-O Rab8 17.Rf2 Qc6 18.Nd5 Bxd5 19.exd5 Qa4 20.b3 cxb3 21.axb3 Qxb3 22.Bg5 Rfd8
23.Bxf6 Bxf6 24.Ne4 Bg7 25.Qc2 Qb4 26.Rfd2 a5 27.c6 a4 28.Nc5 Bc3 29.Nb7 Bxd2
30.Rxd2 a3 31.Nxd8 Rxd8 32.h3 e6 33.Qa2 Qc5+ 34.Kh2 Rxd5 35.Rc2 Qd6+ 36.g3 Rd3
37.Kg2 Qd5 38.Qxd5 exd5 39.g4 Kf8 40.Rc5 Ke7 41.Ra5 Kd6 42.Ra6 Rc3 43.Kg3 g5
44.Kf2 Kc5 45.Ke2 Kb4 46.Kd2 Rxf3 47.Ra7 a2 48.Kc2 Rf1 49.Rxc7 a1=Q 50.Rb7+ Kc4
51.c7 Qc3+  0-1

[Event "SportAccord Blindfold Women 2012"]
[Site "Beijing CHN"]
[Date "2012.12.18"]
[Round "2.7"]
[White "Zhu Chen"]
[Black "Zhao Xue"]
[Result "1/2-1/2"]
[WhiteElo "2491"]
[BlackElo "2565"]

1.d4 Nf6 2.c4 e6 3.Nc3 Bb4 4.Qc2 c5 5.dxc5 Bxc5 6.Nf3 Qc7 7.g3 a6 8.Bg2 Be7
9.b3 b6 10.O-O Bb7 11.Bf4 d6 12.Rfd1 O-O 13.Rd2 Nbd7 14.Rad1 e5 15.Bg5 h6
16.Bxf6 Nxf6 17.Nh4 Bxg2 18.Nxg2 b5 19.Ne3 Qb7 20.Ncd5 Nxd5 21.Nxd5 Bg5 22.e3 Rac8
23.Qe4 Kh8 24.cxb5 axb5 25.Qb4 Qc6 26.Rd3 Qc5 27.Qd2 Qa7 28.Nc3 Qb8 29.Rd5 Rc5
30.Ne4 Rxd5 31.Qxd5 Be7 32.Nxd6 Bxd6 33.Qxd6 Qxd6 34.Rxd6 Ra8 35.Rd5 f6 36.Rxb5 Rxa2
37.Kg2 Kh7 38.e4 h5 39.h4 Rb2 40.Rb7 Kh6 41.Rb8 g5 42.hxg5+ Kxg5 43.b4 h4
44.b5 Kg4 45.Rg8+ Kh5 46.gxh4 Rxb5 47.Rf8 Rb4 48.f3 Kxh4 49.Rxf6 Rb2+ 50.Kf1 Kg3
51.Rf5 Rf2+ 52.Ke1 Rxf3 53.Ke2 Ra3 54.Kd2 Rb3 55.Rxe5 Kf4 56.Re8 Ra3 57.e5 Kf5
58.e6 Kf6 59.Kc2 Re3 60.Rf8+ Ke7 61.Rh8 Rxe6 62.Kd3 Kf7 63.Kd4 Re8 64.Rxe8 Kxe8  1/2-1/2

[Event "SportAccord Blindfold Women 2012"]
[Site "Beijing CHN"]
[Date "2012.12.18"]
[Round "3.6"]
[White "Stefanova,A"]
[Black "Zhu Chen"]
[Result "0-1"]
[WhiteElo "2491"]
[BlackElo "2491"]

1.d4 d5 2.c4 c6 3.cxd5 cxd5 4.Nc3 Nf6 5.Bf4 Nc6 6.e3 a6 7.Bd3 Bg4 8.Nge2 e6
9.O-O Bd6 10.f3 Bh5 11.Rc1 Bg6 12.Na4 Bxd3 13.Qxd3 Bxf4 14.Nxf4 O-O 15.Nc5 Qe7
16.Rc3 Rfc8 17.Rfc1 Ne8 18.Qc2 Nd6 19.a4 Nb4 20.Qb1 h6 21.Nfd3 a5 22.Nxb4 axb4
23.Rb3 b6 24.Nd3 Nc4 25.Rxb4 Nxe3 26.Rxb6 Qg5 27.g3 Nc4 28.f4 Qf6 29.Rb4 Qxd4+
30.Nf2 Qd2 31.Rc3 Rcb8 32.Rb5 Nd6 33.Rc2 Qd4 34.Rxb8+ Rxb8 35.a5 Nc4 36.Qa1 Qa7
37.a6 Rb6 38.Qa4 Rxa6 39.Qe8+ Kh7 40.Rc3 Nd6 41.Kg2 Nxe8  0-1

[Event "SportAccord Blindfold Women 2012"]
[Site "Beijing CHN"]
[Date "2012.12.18"]
[Round "4.4"]
[White "Muzychuk,A"]
[Black "Zhu Chen"]
[Result "0-1"]
[WhiteElo "2586"]
[BlackElo "2491"]

1.f4 d5 2.Nf3 g6 3.g3 Bg7 4.Bg2 Nf6 5.O-O O-O 6.d3 c6 7.e3 Bg4 8.h3 Bxf3
9.Qxf3 Qb6 10.Kh2 Nbd7 11.e4 dxe4 12.dxe4 Rad8 13.Nc3 Nc5 14.Be3 Nfd7 15.Na4 Qa5
16.Nxc5 Nxc5 17.e5 Ne6 18.Qf2 Rd7 19.c3 Rfd8 20.a3 Qb5 21.Rae1 Nc7 22.Re2 a6
23.Rc1 Qc4 24.h4 e6 25.Rcc2 Nd5 26.Bc5 Bf8 27.Bxf8 Kxf8 28.Rcd2 h5 29.Rd4 Qb3
30.Red2 b5 31.Re4 Ne3 32.Rxd7 Ng4+ 33.Kg1 Rxd7 34.Qc5+ Kg7 35.Rd4 Rxd4 36.Qxd4 Qxb2
37.f5 Qc1+ 38.Bf1 gxf5 39.Qd8 Qe3+ 40.Kh1 Nxe5 41.Qd6 Nf3  0-1

[Event "SportAccord Blindfold Women 2012"]
[Site "Beijing CHN"]
[Date "2012.12.19"]
[Round "5.3"]
[White "Zhu Chen"]
[Black "Harika,D"]
[Result "1/2-1/2"]
[WhiteElo "2491"]
[BlackElo "2512"]

1.d4 Nf6 2.Nf3 g6 3.g3 d5 4.Bg2 Bg7 5.O-O c6 6.c4 O-O 7.cxd5 cxd5 8.Nc3 Ne4
9.Nxe4 dxe4 10.Ne5 Qd5 11.f3 Nc6 12.Nxc6 bxc6 13.e3 exf3 14.Qxf3 Be6 15.Bd2 Qxf3
16.Bxf3 Bd5 17.Bb4 Rab8 18.a3 Rfe8 19.Rac1 Bh6 20.Rc3 f5 21.Bxd5+ cxd5 22.Re1 e5
23.dxe5 Bg7 24.Rd3 Bxe5 25.b3 Rb5 26.Red1 Bf6 27.Kf2 Bg5 28.Bd6 Be7 29.Bxe7 Rxe7
30.b4 Rd7 31.Kf3 a5 32.Rd4 Kf7 33.g4 axb4 34.Rxb4 fxg4+ 35.Kxg4 Ra5 36.a4 Rc7
37.Rdd4 Re7 38.Kf3 Rea7 39.Ke2 Ke6 40.e4 dxe4 41.Rxe4+ Kf6 42.Rf4+ Kg5 43.Rg4+ Kf6
44.Rgf4+ Kg5 45.Rg4+ Kf6 46.Rgf4+  1/2-1/2

[Event "SportAccord Blindfold Women 2012"]
[Site "Beijing CHN"]
[Date "2012.12.19"]
[Round "6.4"]
[White "Danielian,E"]
[Black "Zhu Chen"]
[Result "1/2-1/2"]
[WhiteElo "2476"]
[BlackElo "2491"]

1.d4 d5 2.c4 c6 3.Nf3 Nf6 4.e3 Bf5 5.Nc3 a6 6.Ne5 h6 7.g4 Be6 8.cxd5 Bxd5
9.Nxd5 cxd5 10.Qb3 Ra7 11.Bd2 e6 12.Rc1 Nbd7 13.Nxd7 Nxd7 14.Bd3 Be7 15.Bb1 O-O
16.Qc2 g6 17.Qc7 Qxc7 18.Rxc7 Rd8 19.O-O Bd6 20.Rcc1 Raa8 21.e4 dxe4 22.Bxe4 Nf6
23.Bxb7 Rab8 24.Bf3 Rxb2 25.Bxh6 Rxa2 26.Bg5 Kg7 27.Ra1 Rxa1 28.Rxa1 Bb4
29.Rxa6 Rxd4 30.h3 Bd2 31.Bxf6+ Kxf6 32.Kg2 Bg5 33.Ra2 Rd2 34.Rxd2 Bxd2 35.h4 g5
36.hxg5+ Kxg5 37.Kg3 Bf4+ 38.Kg2 Bd2 39.Kg3 Bf4+ 40.Kg2 Bd2 41.Kg3  1/2-1/2

[Event "SportAccord Blindfold Women 2012"]
[Site "Beijing CHN"]
[Date "2012.12.19"]
[Round "7.3"]
[White "Zhu Chen"]
[Black "Koneru,H"]
[Result "0-1"]
[WhiteElo "2491"]
[BlackElo "2610"]

1.d4 d5 2.Bf4 Nf6 3.e3 c5 4.c3 Nc6 5.Nd2 Qb6 6.Qb3 c4 7.Qc2 g6 8.f3 Nh5 9.Bg5 h6
10.Bh4 e5 11.Bf2 exd4 12.cxd4 Bg7 13.a3 O-O 14.g4 Nf6 15.Ne2 Re8 16.Bg2 Qd8
17.h3 b5 18.O-O h5 19.b3 Bh6 20.Qc3 a5 21.bxc4 dxc4 22.e4 Be6 23.Qc2 hxg4
24.hxg4 Rc8 25.Rfe1 c3 26.Nf1 b4 27.d5 Nxd5 28.exd5 Qxd5 29.f4 Qb5 30.g5 Bg7
31.axb4 axb4 32.Qa4 Qxa4 33.Rxa4 b3 34.Nxc3 Bxc3 35.Rb1 b2 36.Ne3 Nd4 37.Nd1 Ne2+
38.Kh2 Bb3 39.Nxc3 Nxc3 40.Rxb2 Bxa4 41.Bh3 Nd1 42.Ra2 Nxf2 43.Rxf2 Rc1 44.Bg2 Rc2
45.Rxc2 Bxc2 46.Kg3 Kf8 47.Kf2 Bf5 48.Bf3 Rd8 49.Bc6 Ke7 50.Bb5 Kd6 51.Bc4 Be6
52.Be2 Kc5 53.Ke3 Ra8 54.Ke4 Ra2 55.Bd1 Rd2 56.Bf3 Bd5+ 57.Ke3 Rd4 58.Bg4 Re4+
59.Kf3 Kd4 60.f5 Re1+ 61.Kf2 Re5 62.fxg6 fxg6 63.Kg3 Ke3 64.Kh4 Kf4 65.Be6 Rxe6  0-1

[Event "Women Star Rapid 2013"]
[Site "Huashan City CHN"]
[Date "2013.03.17"]
[Round "1.3"]
[White "Zhu Chen"]
[Black "Kosintseva,T"]
[Result "1/2-1/2"]
[WhiteElo "2491"]
[BlackElo "2517"]

1.d4 Nf6 2.c4 e6 3.Nc3 Bb4 4.Qc2 O-O 5.a3 Bxc3+ 6.Qxc3 d5 7.e3 b6 8.Nf3 Bb7
9.b3 Nbd7 10.Be2 c5 11.O-O Rc8 12.Rd1 dxc4 13.bxc4 Qc7 14.Bb2 Bxf3 15.gxf3 cxd4
16.Rxd4 e5 17.Rd2 Nc5 18.Rad1 Rfe8 19.Ba1 Re6 20.Bf1 Rce8 21.Kh1 h6 22.Bh3 Rc6
23.Bf1 Qe7 24.Qc2 Qe6 25.Rd5 Ncd7 26.Qd2 Rc7 27.Rd6 Qf5 28.Bg2 Nc5 29.Rd8 Rc8
30.Rxc8 Rxc8 31.Qd6 Re8 32.Bc3 Qc2 33.Qd2 Qb3 34.Bf1 Nce4 35.fxe4 Nxe4 36.Qd7 Qxd1
37.Qxe8+ Kh7 38.Kg1 Qg4+ 39.Bg2 Qd1+ 40.Bf1 Qg4+ 41.Bg2 Nxc3 42.Qxe5 Qxc4
43.Bf3 g6 44.Kg2 Na4 45.h3 Nc5 46.Bd5 Qc2 47.Qf6 Qf5 48.Qxf7+ Qxf7 49.Bxf7 Kg7
50.Bd5 Kf6 51.f4 g5 52.Kf3 Na4 53.fxg5+ hxg5 54.Kg4 Nc3 55.Bb3 b5 56.Bc2 a5
57.e4 b4 58.axb4 axb4 59.e5+ Kxe5 60.Kxg5 Ne4+ 61.Kg4 Nf2+ 62.Kg3 Nxh3  1/2-1/2

[Event "Women Star Rapid 2013"]
[Site "Huashan City CHN"]
[Date "2013.03.18"]
[Round "2.3"]
[White "Ushenina,A"]
[Black "Zhu Chen"]
[Result "1/2-1/2"]
[WhiteElo "2477"]
[BlackElo "2491"]

1.d4 d5 2.c4 c6 3.Nc3 Nf6 4.e3 a6 5.Nf3 e6 6.c5 b6 7.cxb6 Nbd7 8.Qc2 Nxb6
9.Bd2 Bb7 10.Rc1 a5 11.Bd3 h6 12.O-O Nfd7 13.e4 Be7 14.exd5 exd5 15.Nd1 O-O
16.Ne3 Re8 17.Nf5 Bf8 18.Bf4 c5 19.Ne5 c4 20.Be2 Re6 21.Bf3 Nxe5 22.Bxe5 g6
23.Ne3 Re8 24.b3 cxb3 25.Qxb3 a4 26.Qb1 Bd6 27.Bxd6 Qxd6 28.Rc5 Rab8 29.Ng4 Nd7
30.Qc1 h5 31.Ne3 Nxc5 32.dxc5 Qd7 33.Rd1 Rbc8 34.Nxd5 Bxd5 35.Bxd5 Qf5 36.c6 Red8
37.Qc4 Kg7 38.h3 Qf6 39.Qxa4 Rd6 40.Bf3 Rdxc6 41.Bxc6 Rxc6 42.Qb3 Rb6 43.Qe3 Re6
44.Qd2 Ra6 45.Rb1 Ra3 46.Qb2 Qxb2 47.Rxb2 Rc3 48.Kf1 Rc1+ 49.Ke2 Rg1 50.g3 g5
51.Kd3 Rh1 52.a4 h4 53.Ke4 hxg3 54.fxg3 Ra1 55.Rb4 Ra3 56.g4 Rxh3 57.Kf5 Ra3
58.Kxg5 Ra1 59.Kf5 Re1 60.Re4 Rd1 61.Ke5 f6+ 62.Ke6 Kg6 63.Rc4 Rd2 64.Rc8 Rd4
65.Rg8+ Kh7 66.Ra8 Kg6 67.a5 Ra4 68.a6 Kg7 69.Ra7+ Kg6 70.Ra8 Kg7 71.Kd5 Rxg4
72.Re8 Ra4 73.Re6 Kg6 74.Kc5 Kg5 75.Kb6 f5 76.a7 Kg4 77.Re5 Rxa7 78.Kxa7 f4
79.Re8 f3 80.Rf8 Kg3 81.Kb6 f2 82.Kc5 Kg2 83.Kd4 f1=Q 84.Rxf1 Kxf1  1/2-1/2

[Event "Women Star Rapid 2013"]
[Site "Huashan City CHN"]
[Date "2013.03.18"]
[Round "3.2"]
[White "Zhu Chen"]
[Black "Huang Qian"]
[Result "1/2-1/2"]
[WhiteElo "2491"]
[BlackElo "2476"]

1.d4 Nf6 2.c4 g6 3.f3 Bg7 4.e4 d6 5.Nc3 O-O 6.Nge2 Nc6 7.Be3 a6 8.Qd2 Rb8
9.Nc1 e5 10.d5 Nd4 11.N1e2 Nxe2 12.Bxe2 c5 13.dxc6 bxc6 14.Rd1 Qa5 15.O-O Rd8
16.b3 Be6 17.Kh1 Qc7 18.Qc1 Qa5 19.Qd2 Qc7 20.Qc1 Nh5 21.Rd3 f5 22.Rfd1 c5
23.g3 Rd7 24.Qd2 Bf8 25.Bf1 Rf7 26.Bg2 Rd8 27.exf5 gxf5 28.Nd5 Bxd5 29.Rxd5 Re8
30.Rxd6 f4 31.Bf2 Bxd6 32.Qxd6 Qxd6 33.Rxd6 a5 34.g4 Nf6 35.Bxc5 e4 36.Kg1 e3
37.Kf1 Nxg4 38.Ke2 Ne5 39.Bd4 Rg7 40.Bh3 Rge7 41.Bg2 a4 42.c5 axb3 43.axb3 Rb8
44.Bh3 Nf7 45.Be6 Kf8 46.Ra6 Rd8 47.Bf6 Rd2+ 48.Ke1 Re8 49.b4 Nd8 50.Bc4 Rxh2
51.Ra7 Rg2 52.Rxh7 Ne6 53.Rh8+ Rg8 54.Rxg8+ Kxg8 55.c6 Kf7 56.Be5 Ke7 57.Bxe6 Kxe6
58.Bxf4 Kd5 59.c7 Kc6 60.Ke2 Kb6 61.Be5 Kb5 62.f4 Kxb4 63.Bf6 Rc8 64.Bd8 Kc5
65.Kxe3 Kd5 66.Kf3 Ra8 67.Kg4 Ke6 68.Kg5 Kf7 69.f5 Rc8 70.Kf4 Ke8 71.Ke5 Kd7
72.Kf6 Ra8 73.Kf7 Ra1 74.f6 Rg1 75.Kf8 Rg2 76.f7 Rg1 77.Bf6 Kxc7 78.Ke8 Re1+
79.Be7 Rf1 80.f8=Q Rxf8+  1/2-1/2

[Event "Women Star Rapid 2013"]
[Site "Huashan City CHN"]
[Date "2013.03.20"]
[Round "4.4"]
[White "Tan Zhongyi"]
[Black "Zhu Chen"]
[Result "1/2-1/2"]
[WhiteElo "2471"]
[BlackElo "2491"]

1.d4 d5 2.c4 c6 3.Nf3 Nf6 4.Nc3 dxc4 5.a4 Bf5 6.Ne5 Nbd7 7.Nxc4 Nb6 8.Ne5 a5
9.e3 Nbd7 10.Qb3 Nxe5 11.dxe5 Nd7 12.e4 Be6 13.Qxb7 Rb8 14.Qa6 Qc7 15.f4 Nc5
16.Qe2 Rb4 17.Qe3 Nb3 18.Rb1 Nd4 19.Bd3 Bb3 20.e6 Nxe6 21.O-O g6 22.e5 Bh6
23.Ne2 O-O 24.Qh3 Bg7 25.Bd2 Rbb8 26.Be3 Rfd8 27.Be4 Rb4 28.Nc3 Nd4 29.Kh1 Bxa4
30.Nxa4 Rxa4 31.Rbc1 c5 32.Bxd4 Raxd4 33.Qe3 e6 34.g3 Qb6 35.Rc2 Bf8 36.Bg2 Qb5
37.h4 Rd3 38.Qf2 Rb3 39.Re1 Rb8 40.Ree2 a4 41.Kh2 Rd8 42.h5 Rdd3 43.g4 Qd7
44.Red2 Qd4 45.Rxd3 Qxf2 46.Rxf2 Rxd3 47.hxg6 hxg6 48.Rc2 Rb3 49.Bc6 Kg7
50.f5 a3 51.bxa3 Rxa3 52.fxe6 fxe6 53.Bd7 Re3 54.Bxe6 Rxe5 55.Bc4 Bd6 56.Kg2 Re4
57.Be2 Kf6 58.Kf3 Rf4+ 59.Ke3 Ra4 60.Rc4 Ra3+ 61.Bd3 Bh2 62.Rc2 Bg1+ 63.Ke2 Bd4
64.Rc1 Kg5 65.Rb1 Ra2+ 66.Kf3 Rf2+ 67.Kg3 Rd2 68.Rb3 Be5+ 69.Kf3 Rh2 70.Rb6 Rh3+
71.Ke2 Rh6 72.Rc6 Bd4 73.Be4 Kf4 74.Bxg6 Rh2+ 75.Kd3 Rh3+ 76.Kc4 Rc3+ 77.Kd5 Kxg4
78.Be4 Kf4 79.Rc7 Ke3 80.Rh7 Rc1 81.Rh1 Rxh1 82.Bxh1  1/2-1/2

[Event "Women Star Rapid 2013"]
[Site "Huashan City CHN"]
[Date "2013.03.20"]
[Round "5.1"]
[White "Zhu Chen"]
[Black "Ju Wenjun"]
[Result "0-1"]
[WhiteElo "2491"]
[BlackElo "2505"]

1.d4 f5 2.g3 g6 3.Bg2 Nf6 4.Nf3 Bg7 5.O-O O-O 6.c4 d6 7.Nc3 c6 8.Qb3 Kh8
9.Rd1 Na6 10.Qa3 Nc7 11.Rb1 Ne4 12.Be3 Bd7 13.Rbc1 Nxc3 14.Qxc3 h6 15.h4 Kh7
16.Qb3 Rb8 17.Qa3 b5 18.cxb5 Nxb5 19.Qd3 Nc7 20.b3 Nd5 21.Bd2 Qb6 22.e3 a5
23.Be1 Qa7 24.a3 e5 25.dxe5 dxe5 26.Qc2 Qb6 27.Nd2 e4 28.Nc4 Qxb3 29.Nxa5 Qxa3
30.Nxc6 Rbc8 31.Rxd5 Rxc6 32.Rxd7 Qxc1 33.Qd2 Rc2 34.Qb4 Rc7 35.Rd6 Bc3  0-1

[Event "Women Star Rapid 2013"]
[Site "Huashan City CHN"]
[Date "2013.03.21"]
[Round "6.4"]
[White "Zhu Chen"]
[Black "Cmilyte,V"]
[Result "0-1"]
[WhiteElo "2491"]
[BlackElo "2514"]

1.d4 Nf6 2.c4 g6 3.f3 e6 4.Nc3 d5 5.Bg5 Bg7 6.e3 O-O 7.Qc2 h6 8.Bh4 c5 9.dxc5 dxc4
10.e4 Qa5 11.Bf2 b5 12.cxb6 axb6 13.Bxc4 Ba6 14.Bxa6 Nxa6 15.Ne2 Nb4 16.Qb1 Rfd8
17.O-O Bf8 18.a3 Nd3 19.b4 Qa6 20.Be3 Bg7 21.Ra2 Rac8 22.Qb3 Nd7 23.Rd1 N7e5
24.Na4 b5 25.Nc5 Nxc5 26.Bxc5 Nc4 27.h3 Bf6 28.Rxd8+ Rxd8 29.f4 e5 30.a4 Nd2
31.Qe3 exf4 32.Nxf4 Nc4 33.Qb3 Bg5 34.Nd5 Qe6 35.Re2 Rxd5 36.exd5 Qxe2 37.axb5 Qe1+
38.Kh2 Bf4+ 39.g3 Ne3 40.gxf4 Qf2+  0-1

[Event "Asian Zonal 3.1 w 2013"]
[Site "Doha QAT"]
[Date "2013.05.04"]
[Round "1.4"]
[White "Zhu Chen"]
[Black "Dahdal,Lougain"]
[Result "1-0"]
[WhiteElo "2491"]
[BlackElo "1972"]

1.d4 d5 2.c4 e6 3.Nc3 Bb4 4.a3 Bxc3+ 5.bxc3 c5 6.e3 Nf6 7.Bd3 b6 8.cxd5 exd5
9.Ne2 O-O 10.O-O Ba6 11.Bxa6 Nxa6 12.f3 Re8 13.Ng3 Nc7 14.Ra2 Qd7 15.Re2 h5
16.Qd3 Qb5 17.Qc2 Rac8 18.Rfe1 Ne6 19.Qd2 Qc4 20.Bb2 Rcd8 21.Qd1 Qb5 22.Rd2 c4
23.Nh1 Qd7 24.Nf2 b5 25.e4 h4 26.Bc1 a5 27.Rb2 Rb8 28.e5 Nh5 29.Nh3 g6 30.Qd2 Nhg7
31.Nf2 Qe7 32.Ng4 Nh5 33.Qh6 Qf8 34.Qxf8+ Rxf8 35.Bh6 Rfc8 36.Reb1 Nc7 37.Bg5 h3
38.g3 Kf8 39.Kf2 Rb6 40.Ne3 Rcb8 41.g4 Ng7 42.Bh6 Kg8 43.Bxg7 Kxg7 44.f4 b4
45.axb4 axb4 46.Rxb4 Rxb4 47.Rxb4 Rxb4 48.cxb4 Ne6 49.Nxd5 Nxd4 50.Nc3 Kf8
51.b5 Ke7 52.Ke3 Ne6 53.f5 gxf5 54.gxf5 Ng5 55.Ne4 Nxe4 56.Kxe4  1-0

[Event "Asian Zonal 3.1 w 2013"]
[Site "Doha QAT"]
[Date "2013.05.05"]
[Round "2.3"]
[White "Al Khelaifi,S"]
[Black "Zhu Chen"]
[Result "0-1"]
[WhiteElo "1810"]
[BlackElo "2491"]

1.d4 d5 2.Nc3 Nf6 3.Bg5 Nbd7 4.e4 dxe4 5.f3 c6 6.Qd2 h6 7.Be3 exf3 8.Nxf3 Nb6
9.Bd3 Be6 10.Qe2 Bg4 11.Bf2 Nbd5 12.Ne4 Nf4 13.Nxf6+ gxf6 14.Qe4 Nxd3+ 15.Qxd3 Qa5+
16.Nd2 Bf5 17.Qb3 Qb5 18.Qc3 Rg8 19.O-O-O Rxg2 20.Bg3 e6 21.a3 Qd5 22.Kb1 Rd8
23.Rhg1 Rxg1 24.Rxg1 Qxd4 25.Qxd4 Rxd4 26.Nb3 Rc4 27.Rg2 b6 28.Bb8 a5 29.Ba7 a4
30.Nc1 Bc5 31.Rd2 Ke7 32.Na2 e5 33.Bb8 Rg4 34.Rd1 Rg2  0-1

[Event "Asian Zonal 3.1 w 2013"]
[Site "Doha QAT"]
[Date "2013.05.06"]
[Round "3.3"]
[White "Zhu Chen"]
[Black "Ghader Pour,S"]
[Result "1-0"]
[WhiteElo "2491"]
[BlackElo "2242"]

1.d4 Nf6 2.c4 e6 3.Nc3 Bb4 4.Qc2 O-O 5.a3 Bxc3+ 6.Qxc3 d5 7.Bg5 b6 8.cxd5 exd5
9.Rc1 Ba6 10.Nf3 Nbd7 11.Ne5 Qe8 12.Nxd7 Nxd7 13.Qc6 h6 14.Bd2 Rc8 15.Qxd5 c5
16.e3 Nf6 17.Qe5 Qa4 18.Bxa6 Qxa6 19.dxc5 Rfe8 20.Qd4 Re4 21.Qd6 Re6 22.Qf4 Ne4
23.Bb4 bxc5 24.Bc3 Rd8 25.Qg4 Nxc3 26.bxc3 Red6 27.Qe2 Qxe2+ 28.Kxe2 Rd2+
29.Kf3 R8d6 30.Rhf1 Rf6+ 31.Kg3 Ra2 32.c4 a5 33.Rc3 a4 34.h4 h5 35.Rd3 Rc2
36.Rd8+ Kh7 37.Rd5 Rxc4 38.Rxh5+ Kg6 39.Rg5+ Kh6 40.Rb1 Rc3 41.Rb8 g6 42.Ra8 Rxa3
43.Rxc5 Ra2 44.f3 Rb6 45.Rc7 Kg7 46.Raa7 Rf6 47.e4 Kf8 48.e5 Rf5 49.e6 Re2
50.exf7 Kg7 51.f8=Q+ Kxf8 52.Rh7 Kg8 53.Rhg7+ Kh8 54.Rxg6 Ra2 55.Rga6 Rf8
56.Kh3 Ra1 57.Rxa4 Rh1+ 58.Kg3  1-0

[Event "Asian Zonal 3.1 w 2013"]
[Site "Doha QAT"]
[Date "2013.05.07"]
[Round "4.4"]
[White "Saleh,No"]
[Black "Zhu Chen"]
[Result "0-1"]
[WhiteElo "1892"]
[BlackElo "2491"]

1.d4 d6 2.Nf3 g6 3.c4 Bg7 4.Nc3 Nd7 5.e4 e5 6.d5 Ngf6 7.b4 a5 8.Ba3 axb4
9.Bxb4 Bh6 10.Be2 O-O 11.O-O Ne8 12.Ne1 Kh8 13.Nd3 c5 14.dxc6 bxc6 15.a4 c5
16.Ba3 Qa5 17.Bc1 Bxc1 18.Qxc1 Ng7 19.Nb5 Ra6 20.Ne1 Ne6 21.Nf3 Kg7 22.h4 Nf6
23.Qc2 Bb7 24.Bd3 Qd8 25.Rfe1 Qd7 26.Bf1 Qc6 27.Nd2 Rfa8 28.Re3 Nh5 29.Rd3 Nd4
30.Nxd4 cxd4 31.Rda3 Nf4 32.a5 Qc7 33.Nb3 Rc6 34.g3 Ne6 35.Nd2 h5 36.Qa2 Nc5
37.Bg2 Bc8 38.f3 Rca6 39.Bf1 Bd7 40.Be2 R6a7 41.Bd1 Nb7 42.a6 Nc5 43.Nb3 Rxa6
44.Rxa6 Rxa6 45.Qb2 Rb6 46.Qa2 Nxb3 47.Bxb3 Be6 48.Rc1 Qc5  0-1

[Event "Asian Zonal 3.1 w 2013"]
[Site "Doha QAT"]
[Date "2013.05.08"]
[Round "5.2"]
[White "Zhu Chen"]
[Black "Jalloul,M"]
[Result "1-0"]
[WhiteElo "2491"]
[BlackElo "1962"]

1.d4 Nf6 2.c4 g6 3.Nc3 Bg7 4.e4 d6 5.f3 Nfd7 6.Nge2 a6 7.Be3 c5 8.Qd2 Nc6
9.d5 Nce5 10.Nc1 Qa5 11.a3 h5 12.Be2 Rb8 13.O-O Nf6 14.h3 h4 15.Bg5 Qb6 16.Rb1 Ng8
17.Be3 Qc7 18.a4 Nf6 19.f4 Ned7 20.Bd3 Nh5 21.N1e2 Qa5 22.Qc2 Bf6 23.Bd2 Qd8
24.e5 dxe5 25.Bxg6 exf4 26.Bxh5 Rxh5 27.Nxf4 Rh8 28.Ne6 Qb6 29.a5 Qb4 30.Nb5  1-0

[Event "Asian Zonal 3.1 w 2013"]
[Site "Doha QAT"]
[Date "2013.05.09"]
[Round "6.5"]
[White "Al Khelaifi,A"]
[Black "Zhu Chen"]
[Result "0-1"]
[WhiteElo "1681"]
[BlackElo "2491"]

1.e4 e6 2.d4 d5 3.Nc3 dxe4 4.Nxe4 Nd7 5.Nf3 Ngf6 6.Bg5 h6 7.Bh4 a6 8.Bd3 c5
9.Nxf6+ Nxf6 10.dxc5 Bxc5 11.O-O Qc7 12.Bg3 Qb6 13.b3 Bd7 14.Qe2 Rd8 15.c4 O-O
16.h3 a5 17.Be5 Bc6 18.Bc3 Bxf3 19.Qxf3 Bd4 20.Bxd4 Rxd4 21.Rad1 Rfd8 22.Bb1 R8d7
23.Rxd4 Qxd4 24.Qe2 g6 25.Re1 Kg7 26.Kh2 b6 27.f3 Qf4+ 28.Kg1 Rd2 29.Qf1 Nh5
30.Re4 Qd6 31.Re2 Qd4+ 32.Kh2 Qf4+ 33.Kg1 Ng3  0-1

[Event "Asian Zonal 3.1 w 2013"]
[Site "Doha QAT"]
[Date "2013.05.11"]
[Round "8.5"]
[White "Zhu Chen"]
[Black "Hejazipour,M"]
[Result "1/2-1/2"]
[WhiteElo "2491"]
[BlackElo "2236"]

1.d4 Nf6 2.c4 e6 3.Nf3 b6 4.g3 Bb7 5.Bg2 c5 6.O-O cxd4 7.Nxd4 Bxg2 8.Kxg2 Qc8
9.b3 Be7 10.f3 O-O 11.e4 d6 12.Bb2 a6 13.Nc3 Rd8 14.Qe2 Qb7 15.Rad1 Nbd7
16.Rd2 Rac8 17.Rfd1 g6 18.Nc2 Ne8 19.Ne3 Bf6 20.Ng4 Bg7 21.Nb1 Bxb2 22.Rxb2 b5
23.cxb5 axb5 24.Na3 Rb8 25.Nc2 Ne5 26.Nce3 Nc6 27.Rbd2 h5 28.Nf2 Ra8 29.Nd3 Ra3
30.Nc1 Ra6 31.Nc2 b4 32.Ne3 Ne5 33.Nd3 Nxd3 34.Rxd3 Rda8 35.R1d2 Qa7 36.Nc4 Qc5
37.Rc2 Qa7 38.Rdd2 Qe7 39.h4 Nc7 40.Ne3 Qd7 41.Qc4 Nb5 42.Qxb4 Na3 43.Rb2 Qa7
44.Qd4 Qc7 45.Nc4 Nxc4 46.Qxc4 Qxc4 47.bxc4 Kf8 48.Kf2 R8a7 49.Ke2 Ke7 50.Rdc2 Kd7
51.c5 dxc5 52.Rxc5 Rxa2 53.Rcc2 Rxb2  1/2-1/2

[Event "4th AIMAG Women"]
[Site "Incheon KOR"]
[Date "2013.06.30"]
[Round "1.3"]
[White "Zhu Chen"]
[Black "Jalloul,M"]
[Result "1-0"]
[WhiteElo "2494"]
[BlackElo "1946"]

1.d4 Nf6 2.c4 g6 3.Nc3 Bg7 4.e4 d6 5.f3 Nfd7 6.Be3 c5 7.d5 a6 8.Qc2 Qa5 9.Bd2 Qc7
10.Nh3 Nf6 11.Nf2 Nbd7 12.Be2 e6 13.a4 O-O 14.O-O Re8 15.f4 exd5 16.cxd5 Nb6
17.Rfe1 Bd7 18.Ra3 Rab8 19.g3 Nc8 20.e5 dxe5 21.fxe5 Rxe5 22.Bf4 Rxe2 23.Qxe2 Nd6
24.Nce4 Nfe8 25.Nxd6 Nxd6 26.Ne4 Bf8 27.Nf6+ Kg7 28.Qe5  1-0

[Event "4th AIMAG Women"]
[Site "Incheon KOR"]
[Date "2013.07.01"]
[Round "2.3"]
[White "Nguyen Thi Thanh An"]
[Black "Zhu Chen"]
[Result "0-1"]
[WhiteElo "2234"]
[BlackElo "2494"]

1.d4 d5 2.c4 c6 3.Nf3 Nf6 4.Qc2 dxc4 5.Qxc4 Bf5 6.g3 e6 7.Bg2 Nbd7 8.O-O Be7
9.Nc3 O-O 10.Re1 Ne4 11.Qb3 Qb6 12.Nh4 Bxh4 13.gxh4 Ndf6 14.f3 Nxc3 15.bxc3 Qc7
16.e4 Bg6 17.Be3 Nh5 18.Qb2 b6 19.Rad1 Nf4 20.Qf2 Nxg2 21.Qxg2 f5 22.Bc1 Bh5
23.Rd3 Rf6 24.exf5 Rxf5 25.f4 Rf6 26.Rg3 Bg6 27.Re5 Bf5 28.h5 Rd8 29.Be3 h6
30.h3 Rf7 31.Kh2 b5 32.Bc1 Rd5 33.Qe2 Qd8 34.Be3 Kh7 35.Bf2 a6 36.Rge3 Qd6
37.Rg3 Kh8 38.Be3 Rxe5 39.fxe5 Qd5 40.a3 Qe4 41.Qg2 Kh7 42.Qxe4 Bxe4 43.Kg1 Rf5
44.Rg4 Bd5 45.Rf4 Rg5+ 46.Kf2 Rg2+ 47.Ke1 Rg3 48.Kd2 Rxh3 49.Rf7 a5 50.Rc7 a4
51.Bf2 Rxh5 52.c4 bxc4 53.Ra7 Rh2 54.Ke1 c3  0-1

[Event "4th AIMAG Women"]
[Site "Incheon KOR"]
[Date "2013.07.01"]
[Round "3.3"]
[White "Zhu Chen"]
[Black "Hejazipour,M"]
[Result "0-1"]
[WhiteElo "2494"]
[BlackElo "2250"]

1.d4 Nf6 2.c4 e6 3.Nc3 Bb4 4.Qc2 O-O 5.a3 Bxc3+ 6.Qxc3 b6 7.Bg5 Bb7 8.f3 d5
9.e3 Nbd7 10.cxd5 Nxd5 11.Bxd8 Nxc3 12.Bxc7 Nd5 13.Bf4 Nxf4 14.exf4 Rfd8
15.Rd1 Nf6 16.Rd2 Nd5 17.g3 Ne3 18.Kf2 Ng4+ 19.Kg2 Rac8 20.Ba6 Ne3+ 21.Kf2 Bxa6
22.Kxe3 Rc1 23.h4 h5 24.Kf2 Rdc8 25.g4 hxg4 26.d5 exd5 27.fxg4 Rf1+ 28.Kg2 Rcc1
29.Rf2 Rfe1 30.Kh2 Bd3 31.Kg3 Rxg1+ 32.Rxg1 Rxg1+ 33.Kh3 f5 34.g5 g6 35.Rf3 Rd1
36.Kh2 d4 37.b4 Be4  0-1

[Event "4th AIMAG Women"]
[Site "Incheon KOR"]
[Date "2013.07.02"]
[Round "4.5"]
[White "Shamima,A"]
[Black "Zhu Chen"]
[Result "0-1"]
[WhiteElo "2157"]
[BlackElo "2494"]

1.d4 d5 2.c4 c6 3.Nf3 Nf6 4.Nc3 dxc4 5.a4 e6 6.e3 c5 7.Bxc4 Nc6 8.O-O cxd4
9.exd4 Be7 10.Bg5 O-O 11.Qd2 Nb4 12.Rfe1 Bd7 13.Ne5 Be8 14.Rad1 Nfd5 15.Bxe7 Nxe7
16.Ne4 Ned5 17.Bb3 Rc8 18.Qe2 h6 19.Qf3 Bc6 20.Qg3 b6 21.Ng4 Kh7 22.Nc3 Ne7
23.d5 Bxd5 24.Qf4 a5 25.Bxd5 Nexd5 26.Qe4+ Kh8 27.Ne3 Rc5 28.f4 Qa8 29.Ncxd5 exd5
30.Qd4 Nc6 31.Qd3 d4 32.Nc2 Rd8 33.Re4 Rcd5 34.Rde1 Qc8 35.h3 Qd7 36.Rd1 Kg8
37.Ne1 Nb4 38.Qb3 Qf5 39.Qf3 d3 40.g4 Qf6 41.Qe3 Qxb2 42.Re8+ Kh7 43.Qe4+ f5
44.gxf5 Rxe8 45.Qxe8 Qd4+ 46.Kg2 Rxf5  0-1

[Event "4th AIMAG Women"]
[Site "Incheon KOR"]
[Date "2013.07.02"]
[Round "5.2"]
[White "Zhu Chen"]
[Black "Davletbayeva,M"]
[Result "1/2-1/2"]
[WhiteElo "2494"]
[BlackElo "2260"]

1.d4 Nf6 2.c4 e6 3.Nf3 Bb4+ 4.Bd2 a5 5.Qc2 d6 6.Nc3 Nbd7 7.a3 Bxc3 8.Bxc3 Qe7
9.e4 e5 10.Bd3 O-O 11.O-O Re8 12.Rfe1 a4 13.h3 Nh5 14.c5 dxc5 15.dxe5 Nf4
16.Bb5 c6 17.Bxa4 b5 18.Bb3 c4 19.Ba2 Nd3 20.Re3 N7c5 21.b3 Rxa3 22.bxc4 b4
23.Bd4 Be6 24.Bxc5 Nxc5 25.Rxa3 bxa3 26.Re1 Rb8 27.Qc3 Na4 28.Qa5 Qb4 29.Qxb4 Rxb4
30.Re3 Bxc4 31.Bxc4 Rxc4 32.Rxa3 Rxe4 33.Ng5 Re1+ 34.Kh2 h6 35.Rxa4 hxg5
36.Ra5 Kf8 37.Rc5 Ke7 38.Kg3 Ke6 39.Rxc6+ Kxe5 40.Kg4 Re2 41.Rc5+ Ke6 42.Kf3 Re5
43.Rxe5+ Kxe5 44.Kg4 Kf6 45.Kh5 Kf5 46.g3 g4 47.hxg4+ Ke4 48.f4 Kf3 49.Kh4 f6
50.f5 Kg2 51.g5 fxg5+ 52.Kxg5 Kxg3 53.Kg6 Kf4 54.Kxg7 Kxf5  1/2-1/2